000 00548nam a2200205Ia 4500
005 20250923144352.0
008 008 250917s9999 xx 000 0 eng d
037 _aTextual
040 _aDSWL
_beng
_cDSWL
041 _aeng
_2eng
084 _aY592:1:6:2:N4, J0
_qDSWL
100 _aGhurye, G.S
_9824186
245 0 _aCast & class in India
_cby G.S Ghurye
260 _aBombay
_c1938
300 _a181 p.
365 _aINR
_b2
925 _g2
942 _cTEXL
_hY592:1:6:2:N4, J0
999 _c1437993
_d1437993